[Event "Chigorin Memorial 2018"]
[Site "St. Petersburg"]
[Date "2018.11.02"]
[Round "7.75"]
[White "Nikitin, Sergey E."]
[Black "Poznyak, Nazar"]
[Result "0-1"]
[WhiteElo "2230"]
[BlackElo "2016"]
[PlyCount "174"]
[EventDate "2018.10.27"]
[EventType "swiss"]
[EventCountry "RUS"]
[WhiteTeam "Russland"]
[BlackTeam "Russland"]
[WhiteTeamCountry "RUS"]
[BlackTeamCountry "RUS"]

1. e4 e6 2. d4 d5 3. Nd2 Nf6 4. e5 Ne4 5. Nxe4 dxe4 6. Be3 c5 7. Bb5+ Bd7 8. Bxd7+ Nxd7 9. Qg4 Qa5+ 10. c3 cxd4 11. Bxd4 Qd5 12. f4 O-O-O 13. Ne2 f5 14. Qg3 Qb5 15. b4 Nb8 16. Qe3 Nc6 17. a4 Qd3 18. b5 Nxd4 19. Qxd3 exd3 20. Nxd4 Bb4 21. O-O-O Bxc3 22. Nxe6 Rd7 23. Nc5 Rc7 24. Nxd3 Rd8 25. Kb1 Rd4 26. Ka2 Rxa4+ 27. Kb3 Ra5 28. Rc1 Rxb5+ 29. Ka4 Rb6 30. h3 h5 31. g4 hxg4 32. hxg4 fxg4 33. f5 Rc4+ 34. Ka3 Rbc6 35. Kb3 a5 36. Rh8+ Kc7 37. Rh7 a4+ 38. Ka2 Kb8 39. Rxg7 Re4 40. Rc2 Bxe5 41. Rxc6 Bxg7 42. Rg6 Bd4 43. f6 Re2+ 44. Ka3 Re3 45. Rg8+ Kc7 46. f7 Rxd3+ 47. Kxa4 Bc5 48. f8=Q Bxf8 49. Rxf8 g3 50. Rg8 Kb6 51. Kb4 Kc6 52. Kc4 Rf3 53. Rg6+ Kc7 54. Kd5 Rd3+ 55. Kc4 Rf3 56. Kd5 Ra3 57. Ke5 Kd7 58. Rb6 Kc7 59. Rg6 Rb3 60. Kd5 b5 61. Kd4 Kd7 62. Ke5 Ke7 63. Rg7+ Kf8 64. Rg4 Kf7 65. Rg5 b4 66. Rg4 Re3+ 67. Kd5 b3 68. Kd4 Rf3 69. Ke4 b2 70. Kxf3 b1=Q 71. Kxg3 Ke6 72. Rf4 Ke5 73. Rf2 Qe4 74. Rf3 Qg6+ 75. Kf2 Ke4 76. Re3+ Kd4 77. Rf3 Qg5 78. Rg3 Qf4+ 79. Rf3 Qh2+ 80. Ke1 Qc2 81. Rf2 Qc1+ 82. Ke2 Ke4 83. Rg2 Qc2+ 84. Kf1 Qd1+ 85. Kf2 Kf4 86. Rg8 Qd4+ 87. Ke1 Qa1+ 0-1

[Event "Chigorin Memorial 2018"]
[Site "St. Petersburg"]
[Date "2018.11.02"]
[Round "7.76"]
[White "Klepikov, Nikita"]
[Black "Mamontova, Anastasia"]
[Result "1-0"]
[WhiteElo "2228"]
[BlackElo "2009"]
[PlyCount "120"]
[EventDate "2018.10.27"]
[EventType "swiss"]
[EventCountry "RUS"]
[WhiteTeam "Russland"]
[BlackTeam "Russland"]
[WhiteTeamCountry "RUS"]
[BlackTeamCountry "RUS"]

1. e4 c6 2. d4 d5 3. Nd2 dxe4 4. Nxe4 Nd7 5. Ng5 Ngf6 6. Bd3 e6 7. N1f3 h6 8. Nxe6 Qe7 9. O-O fxe6 10. Bg6+ Kd8 11. c4 Ne8 12. Re1 Qf6 13. Ne5 Nd6 14. Bh5 g6 15. Nxg6 Rg8 16. Nf4 Nb8 17. Qf3 Qxd4 18. Rd1 Qf6 19. c5 Nd7 20. cxd6 Ne5 21. Qe4 Kd7 22. Bd2 Nf7 23. Bc3 Ng5 24. Bxf6 Nxe4 25. Bh4 Bxd6 26. Bf7 Rf8 27. Bxe6+ Kc7 28. Bxc8 Rxf4 29. Bg3 Nxg3 30. hxg3 Rb4 31. Bf5 Rxb2 32. Rd3 Rf8 33. g4 Bc5 34. Rf3 h5 35. gxh5 Rxf2 36. Rxf2 Rxf5 37. Raf1 Rxh5 38. Rc1 Bxf2+ 39. Kxf2 Ra5 40. Rc2 Ra3 41. Rd2 c5 42. g4 c4 43. g5 b5 44. Rb2 Kc6 45. g6 Rd3 46. Rb1 Kc5 47. g7 Rd8 48. Ke3 Rg8 49. Rg1 Kb4 50. Kd4 Ka3 51. Rg2 a6 52. Kc3 Ka4 53. Rg6 a5 54. Rg5 b4+ 55. Kxc4 Rc8+ 56. Kd3 Rd8+ 57. Kc2 Rc8+ 58. Kb1 Rg8 59. Kb2 b3 60. a3 Rc8 1-0

[Event "Chigorin Memorial 2018"]
[Site "St. Petersburg"]
[Date "2018.11.02"]
[Round "7.77"]
[White "Tsaruk, Maksim"]
[Black "Gagare, Shalmali"]
[Result "1/2-1/2"]
[WhiteElo "2215"]
[BlackElo "2013"]
[PlyCount "180"]
[EventDate "2018.10.27"]
[EventType "swiss"]
[EventCountry "RUS"]
[WhiteTeam "Weißrussland"]
[BlackTeam "Indien"]
[WhiteTeamCountry "BLR"]
[BlackTeamCountry "IND"]

1. e4 e5 2. Nf3 Nc6 3. Bc4 Bc5 4. c3 Nf6 5. d3 O-O 6. O-O d5 7. exd5 Nxd5 8. h3 Nb6 9. Bb5 Bd6 10. d4 exd4 11. cxd4 Ne7 12. Nc3 h6 13. Re1 c6 14. Bd3 Bf5 15. Ne4 Nbd5 16. Ne5 Bh7 17. Qf3 Ng6 18. Ng3 Qf6 19. Bf5 Bxe5 20. Nh5 Bh2+ 21. Kxh2 Qd6+ 22. Kh1 Nf6 23. Nxf6+ Qxf6 24. Be3 Kh8 25. Qe4 Rfe8 26. Qc2 Nf8 27. Bxh7 Nxh7 28. d5 cxd5 29. Red1 Qc6 30. Qb3 Nf6 31. Rac1 Qd7 32. Bd4 Ne4 33. Be3 Nf6 34. Rc3 b6 35. Rdc1 Rac8 36. Bd4 Ne4 37. Rxc8 Rxc8 38. Rxc8+ Qxc8 39. Qxd5 Qc1+ 40. Kh2 Qf4+ 41. g3 Qf3 42. h4 Kh7 43. Be3 Ng5 44. Qxf3 Nxf3+ 45. Kg2 Ne5 46. Bd4 Nc6 47. Bc3 f5 48. Kf3 Kg6 49. h5+ Kxh5 50. Bxg7 Kg5 51. Bc3 h5 52. Bd2+ Kf6 53. Kf4 b5 54. b4 Ne7 55. Bc3+ Ke6 56. Kg5 Nd5 57. Bd2 Ke5 58. f3 Ne7 59. Be3 Nc6 60. a3 a5 61. bxa5 Nxa5 62. Kxh5 Nc6 63. Bd2 Kf6 64. Bc3+ Ke6 65. Kg5 Ne7 66. Bf6 Nd5 67. Bd4 Ne7 68. Bc5 Nd5 69. Kg6 Nc3 70. Bd4 Ne2 71. Bf2 Nc1 72. Be3 Nd3 73. f4 b4 74. axb4 Nxb4 75. g4 fxg4 76. f5+ Kd7 77. f6 Nc6 78. Kg7 Nd8 79. Bb6 Ne6+ 80. Kg6 g3 81. f7 Nf8+ 82. Kg7 Ne6+ 83. Kf6 Kd6 84. Bc7+ Kxc7 85. Kxe6 g2 86. f8=Q g1=Q 87. Qd6+ Kb7 88. Qd5+ Ka6 89. Qd3+ Ka7 90. Kd7 Qg7+ 1/2-1/2

[Event "Chigorin Memorial 2018"]
[Site "St. Petersburg"]
[Date "2018.11.02"]
[Round "7.78"]
[White "Zaichikov, Andrey"]
[Black "Levicheva, Ekaterina"]
[Result "0-1"]
[WhiteElo "2202"]
[BlackElo "2004"]
[PlyCount "76"]
[EventDate "2018.10.27"]
[EventType "swiss"]
[EventCountry "RUS"]
[WhiteTeam "Russland"]
[BlackTeam "Russland"]
[WhiteTeamCountry "RUS"]
[BlackTeamCountry "RUS"]

1. e4 c5 2. d4 cxd4 3. c3 dxc3 4. Nxc3 Nc6 5. Nf3 d6 6. Bc4 e6 7. O-O Nge7 8. Bg5 a6 9. b4 h6 10. Bh4 g5 11. Bg3 b5 12. Bxb5 axb5 13. Nxb5 Ng6 14. Rc1 Ba6 15. Qa4 Bb7 16. Qb3 Nf4 17. Bxf4 gxf4 18. Rfd1 Rg8 19. a4 Rc8 20. Rc2 Qf6 21. Ne1 Qe5 22. f3 Ba6 23. Nd3 Qg5 24. h4 Qg3 25. Ne1 Qxh4 26. Qd3 Bxb5 27. Qxb5 Bg7 28. Kf1 Kd7 29. Rdc1 Bd4 30. Ke2 Be3 31. Rb1 Rc7 32. Kd1 Rb8 33. Qc4 Rbc8 34. Qa2 Nd4 35. Rxc7+ Rxc7 36. b5 Qh1 37. a5 Rc3 38. Qa4 Rd3# 0-1

[Event "Chigorin Memorial 2018"]
[Site "St. Petersburg"]
[Date "2018.11.02"]
[Round "7.79"]
[White "Perov, German"]
[Black "Ter-Saakian, Grigorii"]
[Result "1-0"]
[WhiteElo "2196"]
[BlackElo "1982"]
[PlyCount "41"]
[EventDate "2018.10.27"]
[EventType "swiss"]
[EventCountry "RUS"]
[WhiteTeam "Russland"]
[BlackTeam "Russland"]
[WhiteTeamCountry "RUS"]
[BlackTeamCountry "RUS"]

1. e4 d5 2. exd5 Qxd5 3. Nc3 Qd6 4. d4 Nf6 5. Nf3 a6 6. g3 Bg4 7. Bg2 Nc6 8. O-O O-O-O 9. h3 Bh5 10. Bf4 Qb4 11. g4 Bg6 12. a3 Qxb2 13. Qe1 Bxc2 14. Ra2 Qb3 15. Qc1 Nd5 16. Bxc7 Nxc7 17. Rxc2 e6 18. Rb2 Qxa3 19. Ne5 Qa5 20. Bxc6 bxc6 21. Rb8+ 1-0

[Event "Chigorin Memorial 2018"]
[Site "St. Petersburg"]
[Date "2018.11.02"]
[Round "7.80"]
[White "Lazhevskaya, Zhanni"]
[Black "Ivanov, Platon-Jaan"]
[Result "1-0"]
[WhiteElo "2029"]
[BlackElo "2176"]
[PlyCount "81"]
[EventDate "2018.10.27"]
[EventType "swiss"]
[EventCountry "RUS"]
[WhiteTeam "Russland"]
[BlackTeam "Estland"]
[WhiteTeamCountry "RUS"]
[BlackTeamCountry "EST"]

1. e4 e5 2. Nf3 Nc6 3. Bb5 Nf6 4. O-O Nxe4 5. d4 Nd6 6. Bxc6 dxc6 7. dxe5 Nf5 8. Qe2 Nd4 9. Nxd4 Qxd4 10. h3 Qh4 11. Rd1 Bc5 12. Be3 Bxe3 13. Qxe3 O-O 14. Nd2 Bf5 15. Nf3 Qb4 16. Nd4 Bg6 17. a3 Qb6 18. Qc3 Rae8 19. Nb3 f6 20. e6 Rxe6 21. Nc5 Rd6 22. Nd7 Qb5 23. Nxf8 Kxf8 24. Re1 a6 25. Re3 Qf5 26. Rae1 Qd7 27. Qb4 b6 28. Qc4 a5 29. c3 c5 30. Qe2 Qd8 31. b4 axb4 32. cxb4 cxb4 33. axb4 Rd4 34. b5 Rd5 35. Qc4 Rc5 36. Qb4 Qd7 37. Rc1 Qxb5 38. Qxb5 Rxb5 39. Rxc7 Be8 40. Ree7 Rc5 41. Rxg7 1-0

[Event "Chigorin Memorial 2018"]
[Site "St. Petersburg"]
[Date "2018.11.02"]
[Round "7.81"]
[White "Vunder, Andrey"]
[Black "Vasilyev, Alexey"]
[Result "1-0"]
[WhiteElo "2162"]
[BlackElo "1995"]
[PlyCount "89"]
[EventDate "2018.10.27"]
[EventType "swiss"]
[EventCountry "RUS"]
[WhiteTeam "Russland"]
[BlackTeam "Russland"]
[WhiteTeamCountry "RUS"]
[BlackTeamCountry "RUS"]

1. d4 Nf6 2. Nf3 e6 3. Bf4 c5 4. e3 cxd4 5. exd4 b6 6. a4 Bb7 7. Nbd2 Nc6 8. c3 d5 9. Bd3 Bd6 10. Bg3 O-O 11. Qe2 h6 12. Bxd6 Qxd6 13. Ne5 Nd7 14. Nxd7 Qxd7 15. O-O Ne7 16. Nf3 Nf5 17. Ne5 Qe7 18. a5 Rfe8 19. Rfe1 f6 20. Ng6 Qf7 21. Qg4 Kh7 22. Nf4 g6 23. axb6 axb6 24. Rxa8 Bxa8 25. h4 h5 26. Qh3 Bc6 27. f3 e5 28. Nxg6 e4 29. Qxf5 Qxg6 30. Qxg6+ Kxg6 31. Bc2 f5 32. fxe4 fxe4 33. Kf2 Ra8 34. Bb3 b5 35. Ke3 Ra7 36. Rf1 Ra8 37. g3 Bb7 38. Rg1 Kf5 39. Bd1 Ra2 40. Bxh5 Rxb2 41. g4+ Ke6 42. g5 Rc2 43. g6 Rxc3+ 44. Kf4 Rc8 45. Bg4+ 1-0

[Event "Chigorin Memorial 2018"]
[Site "St. Petersburg"]
[Date "2018.11.02"]
[Round "7.82"]
[White "Rudikov, Dmitry"]
[Black "Pujari, Rucha"]
[Result "1-0"]
[WhiteElo "1990"]
[BlackElo "2160"]
[PlyCount "97"]
[EventDate "2018.10.27"]
[EventType "swiss"]
[EventCountry "RUS"]
[WhiteTeam "Russland"]
[BlackTeam "Indien"]
[WhiteTeamCountry "RUS"]
[BlackTeamCountry "IND"]

1. c4 e5 2. Nc3 Nc6 3. g3 Bc5 4. Bg2 a6 5. e3 d6 6. Nge2 Bg4 7. O-O Qd7 8. Nd5 h5 9. f3 Bf5 10. d4 Ba7 11. b4 h4 12. g4 Be6 13. h3 f5 14. Nxc7+ Qxc7 15. d5 Nce7 16. dxe6 Qxc4 17. g5 Qxe6 18. f4 e4 19. Nd4 Qd7 20. Bb2 Nc6 21. Rf2 Nxb4 22. Bf1 d5 23. Qb3 Nc6 24. Nc2 O-O-O 25. Rc1 Nge7 26. Bxg7 Rhg8 27. Bf6 Qd6 28. Kh1 Rd7 29. Rd2 Rc7 30. a3 Rd8 31. Nb4 d4 32. Nxc6 Nxc6 33. Bxd8 Qxd8 34. Qe6+ Qd7 35. Qg8+ Nd8 36. Rxc7+ Qxc7 37. Qb3 dxe3 38. Rc2 Bc5 39. Qd5 b6 40. Bxa6+ Kb8 41. Qxf5 Qd6 42. Qe5 Ka7 43. Be2 Qxe5 44. fxe5 Ne6 45. g6 Nd4 46. g7 Nxc2 47. g8=Q Nd4 48. Qf7+ Kb8 49. Ba6 1-0

[Event "Chigorin Memorial 2018"]
[Site "St. Petersburg"]
[Date "2018.11.02"]
[Round "7.83"]
[White "Sokolov, Ilia"]
[Black "Klevets, Ksenia"]
[Result "1-0"]
[WhiteElo "2150"]
[BlackElo "1834"]
[PlyCount "125"]
[EventDate "2018.10.27"]
[EventType "swiss"]
[EventCountry "RUS"]
[WhiteTeam "Russland"]
[BlackTeam "Russland"]
[WhiteTeamCountry "RUS"]
[BlackTeamCountry "RUS"]

1. Nf3 d6 2. d4 Nf6 3. g3 Bf5 4. Bg2 g6 5. c3 c6 6. O-O Bg7 7. Nbd2 O-O 8. Qb3 Qc7 9. Re1 e5 10. dxe5 dxe5 11. Nc4 Nbd7 12. Qa3 Be6 13. Qd6 Ne8 14. Qxc7 Nxc7 15. Na5 Rab8 16. Ng5 Nb6 17. Nxe6 Nxe6 18. e4 Rfd8 19. Be3 Rd7 20. Bh3 Rbd8 21. Bxe6 fxe6 22. Bg5 Rf8 23. Rad1 Rdf7 24. Re2 h5 25. Rd6 Re8 26. Red2 Kh7 27. Rd8 Rxd8 28. Rxd8 Na4 29. Nc4 Nc5 30. Nd2 Na4 31. Nb3 b6 32. Rd2 Bh6 33. h4 Bf8 34. Kg2 Kg7 35. f3 Be7 36. Kf2 Kf8 37. Ke3 Bxg5+ 38. hxg5 Ke7 39. Nc1 Nc5 40. b4 Nd7 41. c4 Rf8 42. Nd3 Rh8 43. a4 Rc8 44. Rb2 c5 45. b5 Rh8 46. Rh2 a5 47. Rh4 Rf8 48. Rh3 Rf7 49. Rh4 Rf8 50. Rh1 Rf7 51. Rf1 Rg7 52. f4 Rf7 53. Rf2 exf4+ 54. gxf4 Rf8 55. e5 Rh8 56. Rh2 Kd8 57. Nf2 Kc7 58. Ne4 Kd8 59. Kf3 Ke7 60. Kg3 Rf8 61. Rd2 Re8 62. Nf6 Nf8 63. Nxe8 1-0

[Event "Chigorin Memorial 2018"]
[Site "St. Petersburg"]
[Date "2018.11.02"]
[Round "7.84"]
[White "Vasiliev, Georgiy"]
[Black "Vorobyova, Ekaterina"]
[Result "1-0"]
[WhiteElo "2124"]
[BlackElo "1874"]
[PlyCount "111"]
[EventDate "2018.10.27"]
[EventType "swiss"]
[EventCountry "RUS"]
[WhiteTeam "Russland"]
[BlackTeam "Russland"]
[WhiteTeamCountry "RUS"]
[BlackTeamCountry "RUS"]

1. c4 e5 2. Nc3 Nf6 3. Nf3 Nc6 4. e3 Bb4 5. Qc2 O-O 6. Nd5 Re8 7. Ng5 e4 8. Nxf6+ Qxf6 9. Nxe4 Qg6 10. f3 Be7 11. g3 Nb4 12. Qb3 a5 13. a3 a4 14. Qc3 d5 15. axb4 dxe4 16. f4 Bg4 17. Qc2 Bf3 18. Rg1 Qh5 19. h3 Ra6 20. c5 Rg6 21. d4 exd3 22. Bxd3 Rh6 23. Bf1 Rd8 24. Bd2 Qd5 25. Rxa4 Be4 26. Qc1 Rg6 27. b5 Qf5 28. Qc4 Bf3 29. Qc1 Bxc5 30. Kf2 Be4 31. Be2 Rgd6 32. Bc3 Bd5 33. Bg4 Qd3 34. Be2 Qg6 35. Be5 Bb6 36. Bxd6 Qxd6 37. Rd1 Qe6 38. Bg4 f5 39. Bf3 c6 40. bxc6 bxc6 41. Rb4 Rb8 42. Bxd5 cxd5 43. Rd3 Qh6 44. Kg2 Qd6 45. Rdb3 Kf7 46. Qc2 g6 47. Qd3 Qc6 48. Kh2 Qd6 49. h4 h6 50. Qa6 Qc5 51. Rxb6 Qc2+ 52. Kh3 Qe4 53. Rb7+ Rxb7 54. Rxb7+ Kf8 55. Qf6+ Ke8 56. Qh8# 1-0

[Event "Chigorin Memorial 2018"]
[Site "St. Petersburg"]
[Date "2018.11.02"]
[Round "7.85"]
[White "Yun, Vyacheslav"]
[Black "Mustafayev, Farid"]
[Result "0-1"]
[WhiteElo "1931"]
[BlackElo "2109"]
[PlyCount "90"]
[EventDate "2018.10.27"]
[EventType "swiss"]
[EventCountry "RUS"]
[WhiteTeam "Russland"]
[BlackTeam "Aserbeidschan"]
[WhiteTeamCountry "RUS"]
[BlackTeamCountry "AZE"]

1. e4 Nf6 2. e5 Nd5 3. c4 Nb6 4. c5 Nd5 5. Bc4 e6 6. Nc3 Nxc3 7. dxc3 Qh4 8. Qd4 Qxd4 9. cxd4 d6 10. cxd6 cxd6 11. Nf3 d5 12. Bd3 b6 13. Bd2 Ba6 14. Ke2 Bxd3+ 15. Kxd3 Nc6 16. Rac1 Kd7 17. a3 a5 18. Ng5 Be7 19. Nxf7 Rhf8 20. Ng5 Bxg5 21. Bxg5 Rxf2 22. Be3 Rxg2 23. Rhf1 Ne7 24. Rf7 Ke8 25. Rf2 Rxf2 26. Bxf2 Kd7 27. Be3 Rf8 28. Bg5 Nf5 29. Rc3 h6 30. Be3 g5 31. Rb3 Kc6 32. Rc3+ Kb7 33. Rc2 g4 34. Bd2 Rg8 35. Be1 h5 36. Rg2 h4 37. b4 axb4 38. axb4 g3 39. hxg3 hxg3 40. Ke2 Nxd4+ 41. Ke3 Nf5+ 42. Kf4 Ka6 43. Ra2+ Kb5 44. Rg2 Rc8 45. Bxg3 Rg8 0-1

[Event "Chigorin Memorial 2018"]
[Site "St. Petersburg"]
[Date "2018.11.02"]
[Round "7.86"]
[White "Postanogov, Dmitrii"]
[Black "Pankova, Julia"]
[Result "0-1"]
[WhiteElo "2101"]
[BlackElo "1826"]
[PlyCount "170"]
[EventDate "2018.10.27"]
[EventType "swiss"]
[EventCountry "RUS"]
[WhiteTeam "Russland"]
[BlackTeam "Russland"]
[WhiteTeamCountry "RUS"]
[BlackTeamCountry "RUS"]

1. d4 Nf6 2. Bf4 d5 3. e3 e6 4. Nd2 Bd6 5. Bg3 O-O 6. Bd3 Nbd7 7. Ngf3 Qe7 8. Ne5 c5 9. c3 Re8 10. f4 Nf8 11. O-O Bd7 12. Bh4 Bc6 13. g4 Ng6 14. Bg3 Bxe5 15. dxe5 Ne4 16. Nxe4 dxe4 17. Be2 b5 18. Qe1 c4 19. h4 Qc5 20. Qf2 Ne7 21. Rad1 Rad8 22. Rd4 Rxd4 23. exd4 Qd5 24. Qe3 Qd7 25. Bf2 Bb7 26. Qg3 a5 27. Be3 Qc8 28. Qh3 b4 29. f5 Nd5 30. Bd2 Qc6 31. fxe6 Qxe6 32. Bxc4 Qc6 33. Bxd5 Qxd5 34. Qe3 Qxa2 35. cxb4 axb4 36. Bxb4 Qxb2 37. Bc5 Ra8 38. e6 fxe6 39. Qf4 h6 40. Qf7+ Kh8 41. Qxe6 e3 42. d5 e2 43. Re1 Qc3 44. Bf2 Qf3 45. Qf5 Bxd5 46. Qxf3 Bxf3 47. g5 Ra4 48. Bg3 hxg5 49. hxg5 Bh5 50. g6 Rg4 51. Kf2 Rxg6 52. Rh1 Rf6+ 53. Ke1 Rf5 54. Kd2 g6 55. Ra1 Rd5+ 56. Ke3 Rd1 57. Ra7 e1=Q+ 58. Bxe1 Rxe1+ 59. Kf4 Rf1+ 60. Kg5 Rf5+ 61. Kh6 Kg8 62. Rc7 Rf6 63. Ra7 Kf8 64. Rc7 Re6 65. Ra7 Re7 66. Ra8+ Kf7 67. Ra1 Bg4 68. Kg5 Bf5 69. Rh1 Re2 70. Ra1 Ke6 71. Ra6+ Ke5 72. Ra5+ Ke4 73. Ra4+ Kf3 74. Ra3+ Re3 75. Ra2 Bd3 76. Ra5 Re1 77. Ra3 Ke3 78. Ra5 Rg1+ 79. Kf6 Kf4 80. Ke6 g5 81. Kd5 Be4+ 82. Kd4 Rd1+ 83. Kc3 g4 84. Ra7 g3 85. Rf7+ Ke3 0-1

[Event "Chigorin Memorial 2018"]
[Site "St. Petersburg"]
[Date "2018.11.02"]
[Round "7.87"]
[White "Manin, Viktor"]
[Black "Vorobieva, Varvara"]
[Result "1-0"]
[WhiteElo "2100"]
[BlackElo "1760"]
[PlyCount "69"]
[EventDate "2018.10.27"]
[EventType "swiss"]
[EventCountry "RUS"]
[WhiteTeam "Usbekistan"]
[BlackTeam "Russland"]
[WhiteTeamCountry "UZB"]
[BlackTeamCountry "RUS"]

1. d4 d5 2. Nf3 Nf6 3. e3 Bf5 4. Bd3 Bxd3 5. Qxd3 c6 6. Nbd2 e6 7. c4 Be7 8. O-O O-O 9. b3 Nbd7 10. Bb2 Rc8 11. Rad1 h6 12. Rfe1 Qc7 13. c5 b6 14. b4 Rfe8 15. Bc3 Qb7 16. a4 a5 17. Rb1 axb4 18. Bxb4 Qa7 19. cxb6 Nxb6 20. Bxe7 Rxe7 21. Qa3 Rec7 22. a5 Nbd7 23. Nb3 c5 24. dxc5 Nxc5 25. Nbd4 Rb7 26. Ne5 Rxb1 27. Rxb1 Qc7 28. Nec6 e5 29. Nf5 Kh7 30. Nfe7 Nce4 31. f3 Ra8 32. fxe4 Nxe4 33. Qd3 Kh8 34. a6 Nc5 35. Qxd5 1-0

[Event "Chigorin Memorial 2018"]
[Site "St. Petersburg"]
[Date "2018.11.02"]
[Round "7.88"]
[White "Kudin, Alexander"]
[Black "Yaroslavtsev, Artem"]
[Result "1/2-1/2"]
[WhiteElo "1654"]
[BlackElo "2097"]
[PlyCount "120"]
[EventDate "2018.10.27"]
[EventType "swiss"]
[EventCountry "RUS"]
[WhiteTeam "Russland"]
[BlackTeam "Russland"]
[WhiteTeamCountry "RUS"]
[BlackTeamCountry "RUS"]

1. e4 d6 2. d4 Nf6 3. f3 e5 4. dxe5 dxe5 5. Qxd8+ Kxd8 6. Bc4 Be6 7. Bxe6 fxe6 8. b3 Bd6 9. Bb2 Ke7 10. Nd2 Nbd7 11. O-O-O b5 12. Nh3 a5 13. Rhe1 a4 14. f4 axb3 15. axb3 Ba3 16. f5 h6 17. Nf2 Nc5 18. Nf3 Nfd7 19. Ng4 Bxb2+ 20. Kxb2 exf5 21. exf5 e4 22. Nd4 h5 23. Nf2 Nf6 24. Nxb5 c6 25. Nc3 Rad8 26. Ra1 Rd4 27. Ra7+ Kd6 28. Rxg7 Ke5 29. Ra7 Rg8 30. g3 Rd2 31. Re2 Rxe2 32. Nxe2 h4 33. Ra5 Kd6 34. Ra1 Rg5 35. Rf1 Ke5 36. Nd1 hxg3 37. Nxg3 Ng4 38. f6 Nxf6 39. b4 Ncd7 40. Ne3 Nd5 41. Nc4+ Ke6 42. c3 Rg4 43. Re1 N7f6 44. Kc2 Rh4 45. Re2 Nf4 46. Rf2 N4d5 47. Nf5 Rh3 48. Nd4+ Kd7 49. Ne2 Ng4 50. Rf7+ Ke6 51. Rf4 Rxh2 52. Rxe4+ Kf5 53. Nd6+ Kg5 54. Kb3 Rh3 55. Rc4 Ne5 56. Rc5 Re3 57. Nd4 Nd3 58. Rxc6 N3xb4 59. Nf7+ Kf4 60. Rc4 Rxc3+ 1/2-1/2

[Event "Chigorin Memorial 2018"]
[Site "St. Petersburg"]
[Date "2018.11.02"]
[Round "7.89"]
[White "Fraiman, Dmitry"]
[Black "Slugin, Yaroslav"]
[Result "0-1"]
[WhiteElo "2323"]
[BlackElo "2009"]
[PlyCount "56"]
[EventDate "2018.10.27"]
[EventType "swiss"]
[EventCountry "RUS"]
[WhiteTeam "Russland"]
[BlackTeam "Russland"]
[WhiteTeamCountry "RUS"]
[BlackTeamCountry "RUS"]

1. Nc3 d5 2. e4 d4 3. Nce2 e5 4. Ng3 g6 5. Bc4 Bg7 6. d3 h6 7. N1e2 Ne7 8. O-O g5 9. Nh5 O-O 10. Neg3 Ng6 11. Nxg7 Kxg7 12. Bd2 Qe7 13. Nh5+ Kh7 14. Qf3 Nf4 15. Nxf4 gxf4 16. c3 Rg8 17. h3 Qh4 18. Bxf7 Rg5 19. g3 Qxh3 20. Qg2 Rg7 21. Bd5 c6 22. Bc4 Qh5 23. Qh2 Qe2 24. Be1 Qxb2 25. Rd1 dxc3 26. f3 c2 27. Rd2 Qd4+ 28. Bf2 Qc3 0-1

[Event "Chigorin Memorial 2018"]
[Site "St. Petersburg"]
[Date "2018.11.02"]
[Round "7.90"]
[White "Leontiev, Aleksandr V."]
[Black "Yudkevich, Mikhail"]
[Result "1/2-1/2"]
[WhiteElo "2276"]
[BlackElo "1993"]
[PlyCount "174"]
[EventDate "2018.10.27"]
[EventType "swiss"]
[EventCountry "RUS"]
[WhiteTeam "Russland"]
[BlackTeam "Russland"]
[WhiteTeamCountry "RUS"]
[BlackTeamCountry "RUS"]

1. e4 e6 2. d3 d5 3. Nd2 c5 4. Ngf3 Nc6 5. g3 g6 6. Bg2 Bg7 7. O-O Nge7 8. Qe2 O-O 9. Rd1 b6 10. Nf1 Bb7 11. h4 Rc8 12. e5 Nd4 13. Nxd4 cxd4 14. Nh2 Qc7 15. Nf3 Qxc2 16. Qxc2 Rxc2 17. Nxd4 Rcc8 18. f4 Nf5 19. Nxf5 gxf5 20. d4 Ba6 21. Bd2 Rc7 22. Bc3 Rfc8 23. Kf2 Bb5 24. Bf3 Ba4 25. Rd2 Bh6 26. Be2 a5 27. Ke3 Kh8 28. Rg1 Rg8 29. Bf1 Bf8 30. Rdg2 Bd1 31. Ba6 Bh5 32. Rc2 Be7 33. Kf2 Ra8 34. Bd3 Rac8 35. Rgc1 Kg7 36. Ke3 Bg4 37. Ba6 Ra8 38. Bb5 Rac8 39. a3 Bh5 40. Ba6 Ra8 41. Bd3 Rac8 42. Ba6 Ra8 43. Bb5 Rac8 44. Ba4 Bg4 45. Bd2 Rxc2 46. Rxc2 Rxc2 47. Bxc2 Kf8 48. Ba4 Bh3 49. Kf2 Bg4 50. Bc3 Bd8 51. b4 Ke7 52. bxa5 bxa5 53. Bc2 Bb6 54. Ke3 Bh3 55. Bd1 Bf1 56. g4 Bh3 57. g5 Bf1 58. h5 Bb5 59. Be1 Kf8 60. Bf2 Ke8 61. Kd2 Kf8 62. Kc3 Ke7 63. Kb3 Kf8 64. a4 Bc4+ 65. Kc3 Ke8 66. Be3 Bd8 67. h6 Be7 68. Bh5 Bb4+ 69. Kc2 Kf8 70. Bc1 Bf1 71. Be3 Bc4 72. Bf2 Kg8 73. Bd1 Kf8 74. Kc1 Kg8 75. Bc2 Kf8 76. Kd1 Kg8 77. Be1 Bxe1 78. Kxe1 Ba6 79. Bb3 Bd3 80. Kf2 Kf8 81. Kg3 Be2 82. Kh4 Bf3 83. Bc2 Be2 84. Kg3 Bh5 85. Bd3 Ke7 86. Kh4 Bg6 87. Be2 Kd7 1/2-1/2

[Event "Chigorin Memorial 2018"]
[Site "St. Petersburg"]
[Date "2018.11.02"]
[Round "7.91"]
[White "Prokopchuk, Yury"]
[Black "Popovich, Alexey"]
[Result "0-1"]
[WhiteElo "2275"]
[BlackElo "1984"]
[PlyCount "92"]
[EventDate "2018.10.27"]
[EventType "swiss"]
[EventCountry "RUS"]
[WhiteTeam "Russland"]
[BlackTeam "Russland"]
[WhiteTeamCountry "RUS"]
[BlackTeamCountry "RUS"]

1. d4 d5 2. Bg5 h6 3. Bh4 c6 4. Nf3 Qb6 5. b3 Bf5 6. e3 Nd7 7. Bd3 Bxd3 8. Qxd3 Ngf6 9. O-O e6 10. c4 Ne4 11. Ne1 a5 12. f3 Nef6 13. Nc3 Be7 14. e4 dxc4 15. Qxc4 Ne5 16. Qa4 Bb4 17. Ne2 Qa7 18. Bf2 Neg4 19. fxg4 b5 20. d5 Qa6 21. Qxb4 axb4 22. dxe6 fxe6 23. Nf4 O-O 24. Nxe6 Nxe4 25. Nxf8 Rxf8 26. Nf3 Nxf2 27. Rxf2 c5 28. Raf1 c4 29. Nd4 Rxf2 30. Rxf2 Qg6 31. h3 Qd3 32. Ne6 Qe3 33. Nf4 cxb3 34. axb3 Qxb3 35. h4 Qd1+ 36. Kh2 Qxg4 37. g3 g5 38. hxg5 hxg5 39. Nd5 Qc4 40. Ne7+ Kh8 41. Ng6+ Kg7 42. Ne7 b3 43. Nf5+ Kh7 44. Ne3 Qd4 45. Re2 b2 46. Nf5 Qf6 0-1

[Event "Chigorin Memorial 2018"]
[Site "St. Petersburg"]
[Date "2018.11.02"]
[Round "7.92"]
[White "Aleksandrov, Danila"]
[Black "Yarosh, Ruslan"]
[Result "1-0"]
[WhiteElo "2229"]
[BlackElo "1981"]
[PlyCount "65"]
[EventDate "2018.10.27"]
[EventType "swiss"]
[EventCountry "RUS"]
[WhiteTeam "Russland"]
[BlackTeam "Russland"]
[WhiteTeamCountry "RUS"]
[BlackTeamCountry "RUS"]

1. e4 d6 2. d4 Nf6 3. Nc3 Nbd7 4. Bg5 e5 5. Nf3 Be7 6. Bc4 O-O 7. O-O c6 8. Bb3 b5 9. Re1 a6 10. a4 Bb7 11. d5 bxa4 12. dxc6 axb3 13. cxb7 Ra7 14. cxb3 Nb8 15. Bxf6 Bxf6 16. b4 Rxb7 17. Nd5 Be7 18. Qd3 Qd7 19. Rec1 Bd8 20. Rc3 f5 21. exf5 Qxf5 22. Qxf5 Rxf5 23. Rc4 Rf8 24. Nd2 Kf7 25. Ne4 Ke6 26. Rd1 Rff7 27. Rc8 Rfd7 28. f4 exf4 29. Nxf4+ Ke5 30. Rd5+ Kxf4 31. Rc4 Rbc7 32. Nc5+ Ke3 33. Re4# 1-0

[Event "Chigorin Memorial 2018"]
[Site "St. Petersburg"]
[Date "2018.11.02"]
[Round "7.93"]
[White "Solomin, Maxim"]
[Black "Shkurkin, Andrey"]
[Result "0-1"]
[WhiteElo "2025"]
[BlackElo "2201"]
[PlyCount "66"]
[EventDate "2018.10.27"]
[EventType "swiss"]
[EventCountry "RUS"]
[WhiteTeam "Russland"]
[BlackTeam "Russland"]
[WhiteTeamCountry "RUS"]
[BlackTeamCountry "RUS"]

1. d4 Nf6 2. c4 c5 3. d5 b5 4. cxb5 a6 5. Nc3 axb5 6. e4 b4 7. Nb5 d6 8. a4 g6 9. Bd3 Bg7 10. Nf3 O-O 11. O-O Nbd7 12. Re1 Ne8 13. Ra2 Nc7 14. b3 Ba6 15. Nxc7 Qxc7 16. Bxa6 Rxa6 17. Qe2 Rfa8 18. Nd2 Bc3 19. Bb2 c4 20. Rc1 cxb3 21. Nxb3 Rxa4 22. Rxa4 Rxa4 23. Qb5 Ra2 24. Bxc3 bxc3 25. Qc6 Qa7 26. Qc8+ Nf8 27. Rf1 Rb2 28. Nc1 Qd4 29. h3 Qd2 30. Qc4 Rb1 31. Nb3 Qa2 32. Rxb1 Qxb1+ 33. Kh2 c2 0-1

[Event "Chigorin Memorial 2018"]
[Site "St. Petersburg"]
[Date "2018.11.02"]
[Round "7.94"]
[White "Postnikov, Roman"]
[Black "Ismagilov, Igor"]
[Result "0-1"]
[WhiteElo "2158"]
[BlackElo "1979"]
[PlyCount "46"]
[EventDate "2018.10.27"]
[EventType "swiss"]
[EventCountry "RUS"]
[WhiteTeam "Russland"]
[BlackTeam "Russland"]
[WhiteTeamCountry "RUS"]
[BlackTeamCountry "RUS"]

1. d4 c5 2. d5 g6 3. Nc3 Bg7 4. e4 d6 5. Bb5+ Nd7 6. a4 a6 7. Be2 b6 8. f4 Bb7 9. Nf3 Ngf6 10. e5 Ng8 11. e6 fxe6 12. Ng5 Bxc3+ 13. bxc3 Bxd5 14. Bf3 Ngf6 15. O-O Nf8 16. Qe2 h6 17. Bxd5 exd5 18. Nf3 Qd7 19. Re1 e6 20. Rb1 Qc6 21. Nh4 Ne4 22. Bb2 c4 23. Qg4 Qc5+ 0-1